Smart women and small business : How to make the leap from corporate careers to the right small enterprise
Are you one of the many women out there who needs a brand-new model for your business career? Are you looking for entrepreneurial alternatives to the world of big business, but aren’t sure where to start? A transition into small business is a natural progression for countless women who have invested...
Na minha lista:
| Autor principal: | |
|---|---|
| Formato: | Livro |
| Idioma: | Undetermined |
| Publicado em: |
Hoboken, N.J.
John Wiley & Sons
2006
|
| Assuntos: | |
| Tags: |
Adicionar Tag
Sem tags, seja o primeiro a adicionar uma tag!
|
| Thư viện lưu trữ: | Trung tâm Học liệu Trường Đại học Cần Thơ |
|---|
| LEADER | 01507nam a2200241Ia 4500 | ||
|---|---|---|---|
| 001 | CTU_163228 | ||
| 008 | 210402s9999 xx 000 0 und d | ||
| 020 | |c 22.95 | ||
| 082 | |a 658.11082 | ||
| 082 | |b W743 | ||
| 100 | |a Wilmerding, Ginny | ||
| 245 | 0 | |a Smart women and small business : | |
| 245 | 0 | |b How to make the leap from corporate careers to the right small enterprise | |
| 245 | 0 | |c Ginny Wilmerding | |
| 260 | |a Hoboken, N.J. | ||
| 260 | |b John Wiley & Sons | ||
| 260 | |c 2006 | ||
| 520 | |a Are you one of the many women out there who needs a brand-new model for your business career? Are you looking for entrepreneurial alternatives to the world of big business, but aren’t sure where to start? A transition into small business is a natural progression for countless women who have invested the first phase of their careers in large companies. Many mid-career women dream of starting their own businesses, but until now there hasn’t been a book that gives them the sense of multiple choice that helps them find the right entrepreneurial fit—options that go beyond starting a venture to include buying an independent business or a franchise, joining or consulting for small businesses, or working with partners. | ||
| 650 | |a Self-employed women,Businesswomen,Women-owned business enterprises,Women | ||
| 650 | |x Vocational guidance | ||
| 650 | |z United States,United States,United States,United States | ||
| 904 | |i Giang | ||
| 980 | |a Trung tâm Học liệu Trường Đại học Cần Thơ | ||